000 01644nam a2200397 c 4500
999 _c153981
_d153981
003 BLK
005 20221001110117.0
008 180410b bul|||||r ||||||| ||bul||
010 _aKNG00160547000
020 _a978-619-152-077-8
040 _aBLK
041 _aBUL
_cBUL
072 7 _2bullib
_aН5000
_xЕкология Н
080 _aПрирода. Изучаване и опазване на природната среда. Опазване на растителния и животинския свят. Вж и 55/59
_b502
_z502
100 1 _aМакгуайър, Бил
_eпърви автор
_9332267
139 _aМакгуайър, Бил
_bМ 19
245 1 0 _aБроени години да спасим планетата
_cБил Макгуайър; прев. от англ. Ралица Ангелова Дерилова.
257 _aGBR
260 _bИзток-Запад
_c2012
300 _a286 с.
_c22 см
380 _a5
500 _aОриг. загл.: Seven years to save the planet / Bill McGuire.
650 4 _aОколна среда - опазване
_9244652
650 4 _aПриродни бедствия
_9260341
653 _aоколна среда
653 _aприродни бедствия
653 _aопазване
653 _aекология
659 _aН
700 1 _aДерилова, Ралица Ангелова
_eпрев. от англ.
_9255181
852 _aЦб 268697
856 4 _qpdf
856 4 _qpdf
942 _cKNG
_n0
_03
944 _aCR
_c12.05.2014
_kВиолета_Тройчева
944 _aED
_c26.01.2015
_kГрета_Цуфелде
999 _d153981